Sudut pandangan
| Main Author: | |
|---|---|
| Format: | Book |
| Published: |
Kuala Lumpur :
Heinemann Educational Books (Asia) ,
1979
|
| Series: | Siri terjemahan Heinemann
|
| Subjects: |
MARC
| LEADER | 00000cam a2200000 7i4500 | ||
|---|---|---|---|
| 001 | 0000000761 | ||
| 005 | 20001002.0 | ||
| 090 | 0 | 0 | |a 923.2595 |b ABD 1979 |
| 100 | 0 | 0 | |a ABDUL Rahman Putra |f al-Haj, Tunku |c 1903-1990 |
| 245 | 1 | 0 | |a Sudut pandangan |c Tunku Abdul Rahman Putra |
| 260 | 0 | 0 | |a Kuala Lumpur : |b Heinemann Educational Books (Asia) , |c 1979 |
| 300 | |a 265 p. : |b ill. ; |c 22 cm. | ||
| 440 | 0 | 0 | |a Siri terjemahan Heinemann |
| 650 | 0 | 0 | |a Autobiography |
| 999 | |a 0000000051 |b Monograph |c Open Shelf |e Default branch | ||